Statistics for Country Flags with Circles - Picture Quiz

Click here to take the quiz!

General Stats

  • This quiz has been taken 1,805 times
  • The average score is 23 of 27

Answer Stats

Answer% Correct
Brazil
100%
Japan
100%
Argentina
98%
India
96%
South Korea
96%
Bangladesh
93%
North Korea
93%
Uruguay
93%
Portugal
92%
Tunisia
92%
Kazakhstan
91%
North Macedonia
91%
Taiwan
87%
Mongolia
85%
Ethiopia
83%
Uganda
83%
Kyrgyzstan
82%
Laos
82%
Palau
82%
Niger
79%
Belize
76%
Dominica
76%
Grenada
74%
Paraguay
74%
Burundi
71%
Namibia
71%
Rwanda
66%

Score Distribution

Percentile by Number Answered

Percent of People with Each Score

Your Score History

You have not taken this quiz